| 000 | 00776nam a2200253 a 4500 | ||
|---|---|---|---|
| 999 |
_c4441 _d4441 |
||
| 001 | 18629 | ||
| 003 | BD-DhUAP | ||
| 005 | 20201110155618.0 | ||
| 008 | 201110s2012 ii a b 001 0 eng | ||
| 020 | _a8121926114 | ||
| 040 |
_aDLC _cDLC _dBD-DhUAP _bEng |
||
| 082 | 0 | 0 |
_223 _a535 SUB |
| 100 | _aSubrahmanyam, N. | ||
| 245 |
_aA textbook of optics : _bfor B. Sc. Classes as per UGC Model Syllabus / _cN. Subrahmanyam, Brij Lal and revised by M. N. Avadhanulu. |
||
| 250 | _a25th rev. ed. | ||
| 260 |
_aNew Delhi : _bS. chand & com., _cc2012. |
||
| 300 |
_axx, 729 pages : _billustrations ; _c24 cm. |
||
| 500 | _aIncludes index. | ||
| 650 | _aOptics | ||
| 650 | _aPhysics. | ||
| 700 | _aLal, Brij | ||
| 942 | 0 | 0 |
_01 _2ddc _cBK |